| 000 | 00000nim##2200000za#4500 |
| 001 | 9.682162 |
| 003 | CaOODSP |
| 005 | 20200401065056 |
| 007 | ss |||j||||||| |
| 008 | 150407|1960||||xxcnnn||q|||||||| n fre|d |
| 040 | |aCaOODSP|bfre |
| 043 | |an-cn--- |
| 086 | 1 |aCH37-4/4-1960F-A |
| 110 | 1 |aCanada.|bPatrimoine canadien. |bDirection des droits de la personne. |
| 245 | 10|aDéclaration canadienne des droits |h[enregistrement sonore] |
| 260 | |aOttawa - Ontario : |bPatrimoine canadien. |c1960. |
| 300 | |a1 audiocasette. |
| 590 | |a03-19|b2003-05-09 |
| 691 | 07|aDroits de la personne|2gcpds |
| 775 | 08|tCanadian Bill of Rights |w(CaOODSP)9.648910 |
| 776 | 0#|tCanadian Bill of Rights |w(CaOODSP)9.664689 |
| 776 | 0#|tCanadian Bill of Rights |w(CaOODSP)9.664691 |
| 776 | 0#|tDéclaration canadienne des droits |w(CaOODSP)9.664692 |
| 776 | 0#|tDéclaration canadienne des droits |w(CaOODSP)9.664690 |